La mente de los niños / (Registro nro. 17142)
[ vista simple ]
| 000 -LEADER | |
|---|---|
| fixed length control field | 01475nam a2200313 4500 |
| 001 - CONTROL NUMBER | |
| control field | 0000013353 |
| 003 - CONTROL NUMBER IDENTIFIER | |
| control field | CO-CtgCURN |
| 005 - DATE AND TIME OF LATEST TRANSACTION | |
| control field | 20250331183915.0 |
| 008 - FIXED-LENGTH DATA ELEMENTS--GENERAL INFORMATION | |
| fixed length control field | 160627s1979 000 0 eng d |
| 020 ## - INTERNATIONAL STANDARD BOOK NUMBER | |
| International Standard Book Number | 8471121689 |
| 040 ## - CATALOGING SOURCE | |
| Original cataloging agency | CO-CtgCURN |
| Language of cataloging | spa |
| Transcribing agency | coctgcurn |
| 082 0# - DEWEY DECIMAL CLASSIFICATION NUMBER | |
| Classification number | 155.4 |
| Item number | D66m |
| 100 1# - MAIN ENTRY--PERSONAL NAME | |
| Personal name | Donaldson, Margaret. |
| 245 13 - TITLE STATEMENT | |
| Title | La mente de los niños / |
| Statement of responsibility, etc. | Margaret Donaldson , version española de Alfredo Guerra Mirales , prologo de M. Arroyo Simon. |
| 260 ## - PUBLICATION, DISTRIBUTION, ETC. | |
| Place of publication, distribution, etc. | Madrid : |
| Name of publisher, distributor, etc. | Ediciones Morata, |
| Date of publication, distribution, etc. | 1979. |
| 300 ## - PHYSICAL DESCRIPTION | |
| Extent | 191 p. |
| 336 ## - CONTENT TYPE | |
| Source | rdacontent |
| 337 ## - MEDIA TYPE | |
| Source | rdamedia |
| Media type term | sin mediacion |
| Media type code | n |
| 338 ## - CARRIER TYPE | |
| Source | rdacarrier |
| Carrier type term | volumen |
| Carrier type code | nc |
| 490 1# - SERIES STATEMENT | |
| Series statement | Colección psicología. La psicología y el niño |
| 500 ## - GENERAL NOTE | |
| General note | Titulo original. Childrens minds. |
| 504 ## - BIBLIOGRAPHY, ETC. NOTE | |
| Bibliography, etc. note | Incluye bibliografias (p.175-180) |
| 505 8# - FORMATTED CONTENTS NOTE | |
| Formatted contents note | La experiencia de la escuela.--Capacidad de descentrar.--Aprendiendo el lenguaje.--Fallo en el razonamiento o fallo en la comprencion.--Pensamiento desvinculado y valores sociales.--Por que los niños encuentran dificil el aprendizaje escolar.--Lo que puede hacer la escuela.--El deseo de aprender.--Hacia una nueva pedagogia de la inteligencia.--La teoria de piajet acerca del desarrollo intelectual |
| 650 #0 - SUBJECT ADDED ENTRY--TOPICAL TERM | |
| Topical term or geographic name entry element | Psicología infantil. |
| 700 1# - ADDED ENTRY--PERSONAL NAME | |
| Personal name | Guerra Mirales, Alfredo, |
| Relator term | Traductor; Arroyo Simon, M, pro. |
| 908 ## - PUT COMMAND PARAMETER (RLIN) | |
| Put command parameter | 160627 |
| 942 ## - ADDED ENTRY ELEMENTS (KOHA) | |
| Koha item type | Libros |
| Classification part | 155.4 |
| Item part | D66m |
| Source of classification or shelving scheme | Dewey Decimal Classification |
| 999 ## - SYSTEM CONTROL NUMBERS (KOHA) | |
| -- | 1 |
| Withdrawn status | Lost status | Source of classification or shelving scheme | Damaged status | Not for loan | Home library | Current library | Shelving location | Date acquired | Inventory number | Total checkouts | Full call number | Barcode | Date last seen | Price effective from | Koha item type | Public note |
|---|---|---|---|---|---|---|---|---|---|---|---|---|---|---|---|---|
| Dewey Decimal Classification | Miguel Henríquez Castañeda | Miguel Henríquez Castañeda | General | 03/04/2019 | 002140 | 155.4 D66m | 002140 | 03/04/2019 | 03/04/2019 | Libros | 150-PSICOL |